000 00289nam a22001337a 4500
008 180214b xxu||||| |||| 00| 0 eng d
020 _a0801823552
041 _aeng
080 _a94
100 _a16
101 _aHIS
245 _aOld age in the new land
_cButler,R.N
942 _2udc
_cBK
999 _c42516
_d42516